Normal view
MARC view
- Ishaque, Khalid M.,
Entry Personal Name
001 - CONTROL NUMBER
- control field: 85406
003 - CONTROL NUMBER IDENTIFIER
- control field: NUST
005 - DATE AND TIME OF LATEST TRANSACTION
- control field: 20211201153745.0
008 - FIXED-LENGTH DATA ELEMENTS
- fixed length control field: 211201|| aca||aabn | a|a d
040 ## - CATALOGING SOURCE
- Original cataloging agency: NUST
- Transcribing agency: NUST
100 ## - HEADING--PERSONAL NAME
- Personal name: Ishaque, Khalid M.,
- Dates associated with a name: 1926-
670 ## - SOURCE DATA FOUND
- Source citation: Work cat.: (NUST)0: Ishaque, Khalid M., 1926-, Constitutional limitations :, 2008.
